| 000 | 01097cam a22002295a 4500 | ||
|---|---|---|---|
| 001 | L137946 | ||
| 008 | 070509e2005 xxk f 100 0 eng d | ||
| 035 | _a(Sirsi) u137946 | ||
| 041 | 0 | _aeng | |
| 100 | 1 | _aReed, R. | |
| 245 | 0 | 0 |
_aInvestigating locational aspects of corporate real estate in India _h[electronic resource] |
| 260 |
_aLondon _bRICS _c2005 |
||
| 490 | 0 |
_aCOBRA _v2005 |
|
| 520 | _aDiscusses trends in corporate real estate in India, with an emphasis placed on sought-after locations and the subsequent effect on real estate markets in the country. Discusses how India has become a global hub for back-office services and the property requirements of outsourcing companies. | ||
| 651 | 4 | _aINDIA | |
| 690 | _aPROPERTY-COMMERCIAL PROPERTY-COMMERCIAL PROPERTY MARKET | ||
| 700 | 1 | _aNaidu, K. | |
| 700 | 1 | _aHeywood, C. | |
| 711 | 2 |
_aConstruction and Building Research Conference _cUniversity of Queensland, Brisbane _d4-5 July 2005 |
|
| 856 | 4 | 0 |
_uhttps://www.rics.org/site/scripts/download_info.aspx?downloadID=1736 _zView the item free of charge at www.rics.org... |
| 942 | _n0 | ||
| 999 |
_c106946 _d106946 |
||